[Event "HUN-chT2 Szechenyi 1718"]
[Site "Hungary"]
[Date "2017.11.26"]
[Round "2.11"]
[White "Cseke, Mihaly"]
[Black "Pal, Istvan"]
[Result "1-0"]
[WhiteElo "1745"]
[BlackElo "1721"]
[PlyCount "205"]
[EventDate "2017.10.29"]
[EventType "team-tourn"]
[EventRounds "9"]
[EventCountry "HUN"]
[SourceTitle "EXT 2021"]
[Source "ChessBase"]
[SourceDate "2020.10.23"]
[SourceVersion "1"]
[SourceVersionDate "2020.10.23"]
[SourceQuality "1"]
[WhiteTeam "Csuti Baki Agrocentrum"]
[BlackTeam "Gyor Elektromos"]
[WhiteTeamCountry "HUN"]
[BlackTeamCountry "HUN"]

1. e4 c5 2. Nf3 Nc6 3. d4 cxd4 4. Nxd4 Nf6 5. Nc3 d6 6. Be3 e5 7. Nf3 Be7 8. a3 0-0 9. Bc4 Be6 10. Ba2 Bxa2 11. Rxa2 Ng4 12. Qd2 Qd7 13. 0-0 Nf6 14. Rd1 Rfd8 15. Bg5 Ng4 16. Nd5 h6 17. Nxe7+ Nxe7 18. Bh4 Qe6 19. b3 Rd7 20. c4 Ng6 21. Bg3 Nf6 22. Qe2 b5 23. cxb5 Qxb3 24. Rad2 Rad8 25. Nh4 Qxa3 26. Nf5 Qb4 27. f3 Qc5+ 28. Bf2 Qc7 29. g3 d5 30. Ra2 d4 31. Qd2 Qc4 32. Rb1 Rc8 33. Kg2 Rb8 34. Rc2 Qa4 35. Ra2 Qc4 36. Rc2 Qe6 37. Rc6 Qe8 38. Nd6 Qf8 39. Nc4 Rc8 40. Na5 Ne7 41. Rxc8 Nxc8 42. Nc6 Qd6 43. Ra1 Rc7 44. Qd3 Qc5 45. Be1 Nd6 46. Ra5 Nd7 47. Bb4 Qc4 48. Qxc4 Nxc4 49. Rxa7 Rxa7 50. Nxa7 f6 51. Kf2 d3 52. Nc8 h5 53. Nd6 Ndb6 54. Nxc4 Nxc4 55. Bc5 Kf7 56. b6 Na5 57. Ke3 Ke8 58. Kxd3 Kd7 59. Bf8 g6 60. Bg7 Ke6 61. Kc3 f5 62. Kb4 Nb7 63. Kb5 f4 64. gxf4 exf4 65. Kc6 Na5+ 66. Kc7 g5 67. Bh6 g4 68. Bxf4 gxf3 69. Bg3 Kf6 70. h4 Ke6 71. b7 Nxb7 72. Kxb7 Kd7 73. Kb6 Ke6 74. Kc5 f2 75. Bxf2 Ke5 76. Be1 Kxe4 77. Kd6 Kf5 78. Ke7 Kg4 79. Kf6 Kf4 80. Kg6 Kg4 81. Kh6 Kf5 82. Kxh5 Kf6 83. Kh6 Kf7 84. Kh7 Kf6 85. h5 Kg5 86. h6 Kh5 87. Kg7 Kg4 88. h7 Kf4 89. h8Q Ke4 90. Qh5 Kd4 91. Qf5 Ke3 92. Bf2+ Kd2 93. Qf4+ Kd3 94. Kf6 Kc3 95. Qd4+ Kc2 96. Ke5 Kb3 97. Be1 Kc2 98. Kd5 Kb3 99. Qc4+ Kb2 100. Kd4 Ka3 101. Qb4+ Ka2 102. Kc3 Ka1 103. Qb2# 1-0

[Event "HUN-chT2 Szechenyi 1617"]
[Site "Hungary"]
[Date "2016.11.27"]
[Round "5.11"]
[White "Farkas, Jozsef2222"]
[Black "Cseke, Mihaly"]
[Result "0-1"]
[WhiteElo "1561"]
[BlackElo "1740"]
[PlyCount "146"]
[EventDate "2016.09.25"]
[EventType "team-tourn"]
[EventRounds "11"]
[EventCountry "HUN"]
[SourceTitle "EXT 2021"]
[Source "ChessBase"]
[SourceDate "2020.10.23"]
[SourceVersion "1"]
[SourceVersionDate "2020.10.23"]
[SourceQuality "1"]
[WhiteTeam "Tapolca VSE II"]
[BlackTeam "Csuti Baki Agrocentrum"]
[WhiteTeamCountry "HUN"]
[BlackTeamCountry "HUN"]

1. e4 c5 2. Nf3 d6 3. Nc3 Nf6 4. Bc4 e6 5. h3 a6 6. a4 Be7 7. 0-0 d5 8. exd5 exd5 9. Ba2 Nc6 10. d3 0-0 11. Bg5 Be6 12. d4 Qb6 13. dxc5 Qxb2 14. Bd2 d4 15. Bxe6 dxc3 16. Rb1 Qa3 17. Bc1 Qxc5 18. Bb3 Rad8 19. Qe2 Nd5 20. Bxd5 Rxd5 21. Be3 Qa5 22. Rxb7 Qxa4 23. Rb3 Bf6 24. Rfb1 Re8 25. Qe1 h6 26. Qf1 a5 27. Ra1 Qe4 28. Rb6 Nb4 29. Ne1 Nxc2 30. Nxc2 Qxc2 31. Rc1 Qd3 32. Bxh6 Qxf1+ 33. Rxf1 c2 34. Be3 Rd1 35. Rc6 Bd4 36. Rxc2 Rxf1+ 37. Kxf1 Bxe3 38. fxe3 Rxe3 39. Kf2 Ra3 40. g3 a4 41. Kg2 Rb3 42. h4 a3 43. Kh3 Rb2 44. Rc3 a2 45. Ra3 g6 46. Kg4 Kg7 47. Ra5 Kh6 48. Kh3 f6 49. Ra8 g5 50. Ra5 Kh5 51. g4+ Kh6 52. hxg5+ fxg5 53. Ra6+ Kg7 54. Kg3 Kf7 55. Kf3 Ke7 56. Ke4 Rf2 57. Ke5 Kd7 58. Kd5 Kc7 59. Kc4 Kb7 60. Ra3 Kb6 61. Ra8 Re2 62. Kd5 Kb5 63. Kd4 Kb4 64. Kd3 Rg2 65. Rb8+ Ka3 66. Ra8+ Kb2 67. Rb8+ Kc1 68. Rc8+ Kb1 69. Rb8+ Rb2 70. Rf8 a1Q 71. Rf1+ Ka2 72. Rxa1+ Kxa1 73. Ke4 Rf2 0-1

[Event "HUN-chT2 Szechenyi 1516"]
[Site "Hungary"]
[Date "2016.04.03"]
[Round "10.9"]
[White "Cseke, Mihaly"]
[Black "Schleinig, Pal"]
[Result "1/2-1/2"]
[WhiteElo "1736"]
[BlackElo "1862"]
[PlyCount "119"]
[EventDate "2015.09.13"]
[EventType "team-tourn"]
[EventRounds "11"]
[EventCountry "HUN"]
[SourceTitle "EXT 2017"]
[Source "ChessBase"]
[SourceDate "2016.10.25"]
[SourceVersion "1"]
[SourceVersionDate "2016.10.25"]
[SourceQuality "1"]
[WhiteTeam "Csuti Baki Agrocentrum"]
[BlackTeam "Keszthely Spartacus"]
[WhiteTeamCountry "HUN"]
[BlackTeamCountry "HUN"]

1. e4 d6 2. d4 g6 3. Nc3 Bg7 4. Be3 Nf6 5. Qd2 0-0 6. f3 e5 7. dxe5 dxe5 8. 0-0-0 Qe7 9. g4 a6 10. h4 b5 11. h5 Be6 12. hxg6 fxg6 13. Kb1 Nc6 14. g5 Nh5 15. Bh3 Bxh3 16. Rxh3 Rad8 17. Nd5 Qf7 18. Qc3 Qe6 19. Rd2 Rd7 20. Bc5 Rff7 21. Rhh2 Bf8 22. Bxf8 Rxf8 23. Ne2 Rdf7 24. f4 exf4 25. Nexf4 Nxf4 26. Nf6+ Rxf6 27. gxf6 Qxf6 28. Rd7 Qxc3 29. bxc3 Nh5 30. Rxc7 Ne5 31. Rh1 Rf7 32. Rc5 Re7 33. a4 Nc4 34. axb5 axb5 35. Ka2 Ra7+ 36. Kb3 Nd2+ 37. Kb4 Nxe4 38. Rxb5 Rc7 39. c4 Nhf6 40. Rd1 Kg7 41. Rd4 h5 42. Re5 Ng3 43. c5 Nf5 44. Rd3 h4 45. Kb5 Kf7 46. c6 Ne7 47. Rc5 Ke6 48. Kb6 Nfd5+ 49. Rdxd5 Nxd5+ 50. Rxd5 Kxd5 51. Kxc7 h3 52. Kb7 h2 53. c7 h1Q 54. c8Q Qb1+ 55. Ka6 Qa2+ 56. Kb5 Qb2+ 57. Ka4 Qd4+ 58. Kb3 Qb6+ 59. Kc3 Qc5+ 60. Qxc5+ 1/2-1/2

[Event "HUN-chT2 Szechenyi 1516"]
[Site "Hungary"]
[Date "2015.10.18"]
[Round "3.10"]
[White "Kadem, Aziz"]
[Black "Cseke, Mihaly"]
[Result "1-0"]
[WhiteElo "1574"]
[BlackElo "1675"]
[PlyCount "111"]
[EventDate "2015.09.13"]
[EventType "team-tourn"]
[EventRounds "11"]
[EventCountry "HUN"]
[SourceTitle "CBM 170 Extra"]
[Source "ChessBase"]
[SourceDate "2016.02.25"]
[SourceVersion "1"]
[SourceVersionDate "2016.02.25"]
[SourceQuality "1"]
[WhiteTeam "Ezust Huszar"]
[BlackTeam "Csuti Baki Agrocentrum"]
[WhiteTeamCountry "HUN"]
[BlackTeamCountry "HUN"]

1. e4 c5 2. f4 d6 3. Nf3 Nc6 4. Nc3 e5 5. f5 Nf6 6. Bb5 a6 7. Bxc6+ bxc6 8. 0-0 Qc7 9. d3 Be7 10. Bd2 0-0 11. h3 c4 12. g4 h6 13. Nh2 cxd3 14. cxd3 d5 15. h4 dxe4 16. dxe4 Nh7 17. Nf3 f6 18. Qc1 Rb8 19. Nd5 Qd7 20. Nxe7+ Qxe7 21. g5 hxg5 22. hxg5 Rd8 23. g6 Nf8 24. Qc4+ Ne6 25. Ba5 Re8 26. fxe6 Bxe6 27. Qc2 Qa7+ 28. Qf2 Qb7 29. Bc3 Red8 30. Qh2 Qb6+ 31. Kh1 Bc4 32. Qh7+ Kf8 33. Qh8+ Bg8 34. Ng5 Qe3 35. Nh7+ Ke8 36. Qxg8+ Kd7 37. Rad1+ Kc7 38. Qf7+ Kb6 39. Qb3+ Ka7 40. Bd4+ exd4 41. Qxe3 dxe3 42. Rxd8 Rxd8 43. Re1 Rd3 44. b3 Kb6 45. Nf8 Rd6 46. Rxe3 Kc5 47. Re2 a5 48. Rc2+ Kb4 49. Kg2 a4 50. Rc4+ Kb5 51. Rxa4 Kb6 52. Kf3 Rd8 53. Ne6 Rd7 54. Rb4+ Ka5 55. Rb8 Re7 56. Nc5 1-0

[Event "HUN-chT2 Szechenyi 1415"]
[Site "Hungary"]
[Date "2015.03.22"]
[Round "10.10"]
[White "Cseke, Mihaly"]
[Black "Gombocz, Zsofia"]
[Result "1-0"]
[WhiteElo "1651"]
[BlackElo "1672"]
[PlyCount "69"]
[EventDate "2014.09.07"]
[EventType "team-tourn"]
[EventRounds "11"]
[EventCountry "HUN"]
[SourceTitle "EXT 2016"]
[Source "ChessBase"]
[SourceDate "2015.10.08"]
[SourceVersion "1"]
[SourceVersionDate "2015.10.08"]
[SourceQuality "1"]
[WhiteTeam "Csuti"]
[BlackTeam "Sarvar"]
[WhiteTeamCountry "HUN"]
[BlackTeamCountry "HUN"]

1. e4 e5 2. Nc3 Nf6 3. Bc4 Bc5 4. d3 0-0 5. f4 d6 6. Nf3 Nc6 7. Na4 Bg4 8. Nxc5 dxc5 9. h3 Bxf3 10. Qxf3 Nd4 11. Qf2 Nd7 12. c3 b5 13. Bd5 c6 14. cxd4 cxd5 15. dxe5 dxe4 16. dxe4 Qe7 17. 0-0 f6 18. exf6 Rxf6 19. Qe2 c4 20. Bd2 Re8 21. Rae1 Nc5 22. e5 Re6 23. Bb4 a5 24. Bxc5 Qxc5+ 25. Kh1 Qc6 26. Qf3 Qc5 27. Rd1 Qb4 28. Rd7 R6e7 29. Qd5+ Kf8 30. f5 Rxd7 31. Qxd7 Qe7 32. Qxb5 Qxe5 33. Qxc4 Qxb2 34. Qc5+ Kg8 35. Qxa5 1-0

[Event "HUN-chT2 Szechenyi 1213"]
[Site "Hungary"]
[Date "2013.04.21"]
[Round "11.7"]
[White "Szukics, Adam"]
[Black "Cseke, Mihaly"]
[Result "1-0"]
[WhiteElo "1875"]
[BlackElo "1536"]
[PlyCount "45"]
[EventDate "2012.09.16"]
[EventType "team-tourn"]
[EventRounds "11"]
[EventCountry "HUN"]
[SourceTitle "EXT 2014"]
[Source "ChessBase"]
[SourceDate "2013.11.20"]
[SourceVersion "1"]
[SourceVersionDate "2013.11.20"]
[SourceQuality "1"]
[WhiteTeam "Haladas III"]
[BlackTeam "Zalaegerszeg Bagi"]
[WhiteTeamCountry "HUN"]
[BlackTeamCountry "HUN"]

1. e4 c5 2. Nf3 d6 3. d4 cxd4 4. Nxd4 Nf6 5. Nc3 a6 6. Be3 e5 7. Nf3 Be7 8. Bc4 b5 9. Bb3 Bb7 10. Bd5 Qc7 11. a3 Nbd7 12. 0-0 0-0 13. Rc1 Nb6 14. Bxb7 Qxb7 15. Bg5 Nc4 16. b3 Nxa3 17. Bxf6 gxf6 18. Nh4 Kh8 19. Nf5 Rfd8 20. Nd5 Bf8 21. Qg4 Qc8 22. Nxf6 Bh6 23. Qh5 1-0

[Event "HUN-chT2 Szechenyi 1213"]
[Site "Hungary"]
[Date "2012.10.07"]
[Round "2.11"]
[White "Toth, Laszlo"]
[Black "Cseke, Mihaly"]
[Result "1-0"]
[WhiteElo "1874"]
[BlackElo "1536"]
[PlyCount "79"]
[EventDate "2012.09.16"]
[EventType "team-tourn"]
[EventRounds "11"]
[EventCountry "HUN"]
[SourceTitle "EXT 2014"]
[Source "ChessBase"]
[SourceDate "2013.11.20"]
[SourceVersion "1"]
[SourceVersionDate "2013.11.20"]
[SourceQuality "1"]
[WhiteTeam "Zala Volan"]
[BlackTeam "Zalaegerszeg Bagi"]
[WhiteTeamCountry "HUN"]
[BlackTeamCountry "HUN"]

1. e4 c5 2. Nc3 d6 3. g3 Nf6 4. Bg2 e6 5. f4 Nbd7 6. Nf3 Be7 7. 0-0 Qc7 8. Qe2 e5 9. f5 a6 10. a4 0-0 11. d3 b6 12. h3 Bb7 13. g4 d5 14. Nh2 d4 15. Nd1 h6 16. Nf2 Nh7 17. Nf3 Qd6 18. h4 Ndf6 19. Nh2 Nd7 20. Nf3 Ndf6 21. Kh2 b5 22. g5 hxg5 23. hxg5 Nh5 24. Rg1 Rfc8 25. f6 Bf8 26. Bh3 Rc7 27. Nh4 g6 28. Nf5 Nf4 29. Bxf4 gxf5 30. Bxf5 Bc8 31. Bxh7+ Kxh7 32. Qh5+ Kg8 33. g6 fxg6 34. Rxg6+ Bg7 35. f7+ Rxf7 36. Rxd6 Bg4 37. Nxg4 exf4 38. Nh6+ Bxh6 39. Rxh6 Kg7 40. Rg1+ 1-0

[Event "HUN-chT2 Szechenyi 1112"]
[Site "Hungary"]
[Date "2012.05.06"]
[Round "10.6"]
[White "Cseke, Mihaly"]
[Black "Zamodics, Peter"]
[Result "0-1"]
[WhiteElo "1513"]
[BlackElo "1954"]
[PlyCount "112"]
[EventDate "2011.09.25"]
[EventType "team-tourn"]
[EventRounds "11"]
[EventCountry "HUN"]
[SourceTitle "EXT 2013"]
[Source "ChessBase"]
[SourceDate "2012.11.22"]
[SourceVersion "1"]
[SourceVersionDate "2012.11.22"]
[SourceQuality "1"]
[WhiteTeam "Zalaegerszeg"]
[BlackTeam "Lovo"]
[WhiteTeamCountry "HUN"]
[BlackTeamCountry "HUN"]

1. e4 c5 2. Nf3 e6 3. d4 cxd4 4. Nxd4 a6 5. Nc3 Qc7 6. Be2 b5 7. a3 Bb7 8. 0-0 Nf6 9. Bf3 d6 10. Be3 Be7 11. Re1 Nbd7 12. Qe2 0-0 13. Bg5 Ne5 14. Rad1 Rfd8 15. Bh5 Nc4 16. b3 Nxa3 17. Qd3 Nxh5 18. Bxe7 Qxe7 19. Ra1 b4 20. Na2 a5 21. c4 Qg5 22. Nc1 Nf4 23. Qg3 Qf6 24. Ra2 Nh5 25. Qe3 Qf4 26. Nd3 Qxe3 27. Rxe3 Nf6 28. f3 d5 29. Nc5 Rab8 30. Nxb7 Rxb7 31. Nc6 Ra8 32. cxd5 exd5 33. exd5 Nxd5 34. Re5 Nf6 35. Nxa5 Rc7 36. Rd2 h6 37. Rd4 Rb8 38. Re2 Rb5 39. Nc4 Nxc4 40. bxc4 Rbc5 41. Rc2 Nd7 42. f4 Nb6 43. Rd8+ Kh7 44. Rb8 Nd5 45. Rd2 Nxf4 46. Rxb4 Rxc4 47. Rb8 Rc1+ 48. Kf2 R1c2 49. Rxc2 Rxc2+ 50. Kg3 Ne6 51. h3 g5 52. Rb7 Kg7 53. Kf3 Nf4 54. g3 Rc3+ 55. Kg4 Kg6 56. gxf4 h5# 0-1

[Event "HUN-chT2 Szechenyi 1011"]
[Site "Hungary"]
[Date "2011.04.17"]
[Round "9.10"]
[White "Doma, Brigitta"]
[Black "Cseke, Mihaly"]
[Result "1-0"]
[WhiteElo "1669"]
[BlackElo "1513"]
[PlyCount "93"]
[EventDate "2010.09.12"]
[EventType "team-tourn"]
[EventRounds "11"]
[EventCountry "HUN"]
[SourceTitle "EXT 2012"]
[Source "ChessBase"]
[SourceDate "2011.11.24"]
[SourceVersion "1"]
[SourceVersionDate "2011.11.24"]
[SourceQuality "1"]
[WhiteTeam "HVSE Infraplan"]
[BlackTeam "Baki Agrocentrum"]
[WhiteTeamCountry "HUN"]
[BlackTeamCountry "HUN"]

1. e4 c5 2. Nf3 d6 3. d4 cxd4 4. Nxd4 Nf6 5. Nc3 a6 6. Bc4 e5 7. Nf3 Be6 8. Bxe6 fxe6 9. Ng5 Qc8 10. Qd3 Nc6 11. Be3 Be7 12. 0-0 0-0 13. Na4 Nd7 14. Nxe6 Re8 15. Qb3 Kh8 16. Bb6 Bd8 17. Bxd8 Nxd8 18. Nxd8 Rxd8 19. Rad1 Qc6 20. Nc3 Nc5 21. Qd5 Qxd5 22. Rxd5 b5 23. a3 Rac8 24. Rfd1 Rc6 25. Rxe5 h6 26. Red5 Na4 27. Nxa4 bxa4 28. e5 Rxc2 29. exd6 Rxb2 30. Re1 Kh7 31. h3 Rf8 32. Rf1 Rd8 33. Rfd1 Rb3 34. R5d3 a5 35. d7 h5 36. Rd5 Rxa3 37. Rc5 Rb3 38. Rc8 Rxd7 39. Rxd7 a3 40. Rc2 a4 41. Rdd2 g6 42. Ra2 Kh6 43. Rd1 h4 44. Rda1 g5 45. Rxa3 Rb2 46. Rxa4 Kh5 47. Rg4 1-0

[Event "HUN-chT2 Szechenyi 1011"]
[Site "Hungary"]
[Date "2010.11.07"]
[Round "5.8"]
[White "Tako, Annamaria"]
[Black "Cseke, Mihaly"]
[Result "1-0"]
[WhiteElo "1946"]
[BlackElo "1513"]
[PlyCount "71"]
[EventDate "2010.09.12"]
[EventType "team-tourn"]
[EventRounds "11"]
[EventCountry "HUN"]
[SourceTitle "EXT 2012"]
[Source "ChessBase"]
[SourceDate "2011.11.24"]
[SourceVersion "1"]
[SourceVersionDate "2011.11.24"]
[SourceQuality "1"]
[WhiteTeam "Arboretum"]
[BlackTeam "Baki Agrocentrum"]
[WhiteTeamCountry "HUN"]
[BlackTeamCountry "HUN"]

1. e4 c5 2. Nf3 d6 3. d4 cxd4 4. Nxd4 Nf6 5. Nc3 a6 6. Be2 e6 7. 0-0 Be7 8. Be3 Bd7 9. Qd2 Nc6 10. f4 0-0 11. Rad1 Qa5 12. Nb3 Qc7 13. a3 Rac8 14. Bf3 Rfd8 15. Na4 Qb8 16. Nb6 Rc7 17. g4 Na7 18. g5 Ne8 19. Qf2 Nc8 20. Rd2 Bb5 21. Rfd1 f6 22. a4 Bc4 23. Na5 d5 24. Naxc4 Nxb6 25. Nxb6 dxe4 26. Rxd8 Bxd8 27. Bxe4 Be7 28. c3 Nd6 29. Bb1 fxg5 30. fxg5 Nf7 31. g6 Ne5 32. Bd4 Nxg6 33. Bxg6 hxg6 34. Qg3 Qd8 35. Qxg6 Rc6 36. Qxg7# 1-0